Animal physiology : (Record no. 16063)

MARC details
000 -LEADER
fixed length control field 01062nam a22003137i 4500
003 - CONTROL NUMBER IDENTIFIER
control field URS
005 - DATE AND TIME OF LATEST TRANSACTION
control field 20220117150929.0
008 - FIXED-LENGTH DATA ELEMENTS--GENERAL INFORMATION
fixed length control field 171108s2013 cau||||| |||| 00| 0 eng d
020 ## - INTERNATIONAL STANDARD BOOK NUMBER
International Standard Book Number 9781111988715
040 ## - CATALOGING SOURCE
Transcribing agency URS
050 14 - LIBRARY OF CONGRESS CALL NUMBER
Classification number QP 31.2
Item number Sh586 2013
100 1# - MAIN ENTRY--PERSONAL NAME
Personal name Sherwood, Lauralee
245 10 - TITLE STATEMENT
Title Animal physiology :
Remainder of title from genes to organisms /
Statement of responsibility, etc Lauralee Sherwood, Hillar Klandorf, Paul H. Yanc
250 ## - EDITION STATEMENT
Edition statement Second edition
264 #1 - PUBLICATION, DISTRIBUTION, ETC. (IMPRINT)
Place of publication, distribution, etc Belmont, California :
Name of publisher, distributor, etc Brooks/Cole,
Date of publication, distribution, etc [2013]
264 #4 - PUBLICATION, DISTRIBUTION, ETC. (IMPRINT)
Date of publication, distribution, etc ©2013
300 ## - PHYSICAL DESCRIPTION
Extent xxii, 816, 58 pages :
Other physical details color illustrations ;
Dimensions 28 cm
336 ## - CONTENT TYPE
Source rdacontent
Content type term text
336 ## - CONTENT TYPE
Source rdacontent
Content type term still image
337 ## - MEDIA TYPE
Source rdamedia
Media type term unmediated
338 ## - CARRIER TYPE
Source rdacarrier
Carrier type term volume
500 ## - GENERAL NOTE
General note Includes index.
524 ## - PREFERRED CITATION OF DESCRIBED MATERIALS NOTE
Preferred citation of described materials note Sherwood, L., Klandorf, H., and Yanc, P. H. (2013). Animal physiology : from genes to organisms. Belmont, California: Brooks/Cole.
650 #0 - SUBJECT ADDED ENTRY--TOPICAL TERM
Topical term or geographic name as entry element Physiology.
650 #0 - SUBJECT ADDED ENTRY--TOPICAL TERM
Topical term or geographic name as entry element Physiology, Comparative.
700 1# - ADDED ENTRY--PERSONAL NAME
Personal name Klandorf, Hillar,
Relator term author
700 1# - ADDED ENTRY--PERSONAL NAME
Personal name Yancey, Paul H.
942 ## - ADDED ENTRY ELEMENTS (KOHA)
Koha item type Reserved Books
Source of classification or shelving scheme Library of Congress Classification
Holdings
Withdrawn status Lost status Source of classification or shelving scheme Damaged status Not for loan Collection code Home library Current library Shelving location Date acquired Total Checkouts Full call number Barcode Date last seen Date checked out Price effective from Koha item type
    Library of Congress Classification     Non-fiction Tanay College Library Tanay College Library Reserve Section 10/26/2016 1 QP 31.2 Sh586 2013 URSTAN-N2303 12/10/2018 06/13/2017 10/26/2016 Reserved Books

University of Rizal System
Email us at univlibservices@urs.edu.ph

Visit our Website www.urs.edu.ph/library